Batman Villains - Sudden Death - Statistics

General Stats
  • This quiz has been taken 1,301 times
  • The average score is 12 of 16
Answers on the Grid
Answers color-coded by a green-red scale on the quiz's grid according to % correct below.
The Riddler
Juggernaut
Professor Zoom
The Joker
Mad Hatter
Thanos
Doctor Doom
Black Adam
Clayface
Catwoman
Cheetah
Scarecrow
Hobgoblin
Man-Bat
Parasite
Ra's al Ghul
Bane
Galactus
Sinestro
Hugo Strange
Loki
Mr. Freeze
Killer Croc
Bizarro
Poison Ivy
Venom
Two-Face
Victor Zsasz
Abomination
Sabretooth
The Penguin
Captain Cold
 
Answer Stats
Answer % Correct
The Riddler
98%
The Joker
87%
Catwoman
85%
Poison Ivy
80%
Bane
79%
Clayface
79%
Mr. Freeze
79%
Mad Hatter
76%
The Penguin
75%
Scarecrow
73%
Two-Face
72%
Man-Bat
71%
Ra's al Ghul
71%
Killer Croc
67%
Hugo Strange
57%
Victor Zsasz
55%
No matching quizzes found
Score Distribution
Percent of People with Each Score
Percentile by Number Answered
Your Score History
You have not taken this quiz